Slave dynasty / (Record no. 104344)

MARC details
000 -LEADER
fixed length control field 00582nam a22001937a 4500
005 - DATE AND TIME OF LATEST TRANSACTION
control field 20161206103850.0
010 ## - LCCN (DPL NO)
LC control number ENG-116340
020 ## - INTERNATIONAL STANDARD BOOK NUMBER
International Standard Book Number 9788193115572
Terms of availability 795.00
035 ## - SYSTEM CONTROL NUMBER
System control number EN-99872
037 ## - SOURCE OF ACQUISITION
Source of stock number/acquisition DBAD/PUB
082 ## - DEWEY DECIMAL CLASSIFICATION NUMBER
Classification number 954.021
245 ## - TITLE STATEMENT
Title Slave dynasty /
Statement of responsibility, etc edited by Asish Dutta
260 ## - PUBLICATION, DISTRIBUTION, ETC. (IMPRINT)
Place of publication, distribution, etc Ghaziabad
Name of publisher, distributor, etc Rudra Publication & Disributors
Date of publication, distribution, etc 2015
270 ## - ADDRESS
Address S-1,5/587, Sector-5,Vaishali
City Gaziabad
Postal code 201002
300 ## - PHYSICAL DESCRIPTION
Extent v,248p.
Dimensions 22cm(Hb)
500 ## - GENERAL NOTE
General note Includes bibliographical references
700 ## - ADDED ENTRY--PERSONAL NAME
Personal name Dutta,Asish
942 ## - ADDED ENTRY ELEMENTS (KOHA)
Source of classification or shelving scheme Dewey Decimal Classification
Item type English Books
Classification part 954.021
Call number suffix SLA
Holdings
Withdrawn status Lost status Not for loan Collection code Home library Current library Date acquired Source of acquisition Cost, normal purchase price Full call number Barcode Copy number Cost, replacement price Koha item type
      Non-fiction Bawana Bawana 27/10/2016 DBAD/PUB 795.00 954.021 DUT EN-99872 1 795.00 English Books

© Delhi Public Library
Hit Counter
free hit counter